Statistiques concernant Anciennes sous-préfectures - Carte Quiz

Cliquez ici pour prendre le quiz!

Statistiques générales

  • Ce quiz a été pris 98 fois
  • Le résultat moyen est 12 sur 20

Réponses sur la Carte

Les réponses sont colorées sur une échelle allant du rouge au vert en fonction du pourcentage des utilisateurs qui les ont devinées à leur premier essai. Vous pouvez retrouver ces pourcentages ci-dessous.
 

Statistiques - réponses

Réponse% Correct
Ploërmel
89%
Montélimar
83%
Hazebrouck
81%
Orange
81%
Falaise
80%
Uzès
78%
Sisteron
74%
Moissac
68%
Saint-Affrique
65%
Sancerre
58%
Tonnerre
55%
Marennes-Hiers-Brouage (Marennes)
54%
Remiremont
54%
Embrun
53%
Mauléon-Licharre
53%
Marvejols
51%
Moûtiers
51%
Gray
45%
Melle
39%
La Réole
35%

Distribution des résultats

Percentile par nombre de réponses

% des personnes avec chaque résultat

Votre développement - résultats

Vous n’avez pas pris ce quiz